000 01321cam a22003737a 4500
003 CHAP
005 20220329142604.0
008 020218d1990 mx d r 00110 eng d
010 _a85335
011 _a86307
020 _a0924046139
035 _a96845
040 _cCHAP
090 _aFolleto 16401
100 0 0 _aBottinelli, María Cristina
_eCoord.
_914715
245 1 0 _aPsychological impacts of exile:
_bsalvadoran and guatemalan families in México
_c/coord. por María Cristina Bottinelli [and others]
260 _aWashington, D.C. :
_bCenter for Immigration Policy and Refugee Assistance,
_c1990
300 _a59 p. :
_btabla
590 _aBATCH-UPD
_b10
_c20130110
_lUCH01
_h0418
590 _aBATCH-UPD
_b10
_c20130110
_lUCH01
_h2336
590 _aBATCH-UPD
_b10
_c20130410
_lUCH01
_h0053
590 _aBATCH-UPD
_b10
_c20130914
_lUCH01
_h0745
590 _aCONVERSION
_b10
_c20130109
_lUCH01
_h1347
650 1 4 _aFamilia.
_939405
650 1 4 _aPsicología.
_992597
650 1 4 _aRefugiados políticos.
_995617
700 0 _aMaldonado, Ignacio.
_970146
700 0 _aTroya, Estela.
_9115339
901 _aBK
905 _aMarco A. Mendoza T.
942 _cFOLL
949 _aFolleto 16401
_bBC
_cFOLL
_d968451
_eTS1
_gDonaciØn conasupo
_i96845
_st
949 _aFolleto 16401
_bBC
_cFOLL
_d968452
_eTS2
_fc.2
_i96845
_sb
999 _c85335
_d85335